01407nam a22002777a 45000010009000000050017000090080041000260160016000670200018000830200015001010350024001160400023001400420014001630500020001771000019001972450039002162600045002553000026003004900036003264900023003625200584003856500035009696500038010046550025010427100062010671782787820230626082827.0230626b |||||||| |||| 00| 0 eng d a20110103009 a9780373528196 a0373528191 a(OCoLC)ocn729573292 aZGXcKMUdKMUerda alccopycat00aPS 3558.U58 W571 aHunter, Kelly.10aWith this fling-- /cKelly Hunter. aToronto ;aNew York :bHarlequin,c2011. a184, [8] p. ;c17 cm.0 aHarlequin presents extra ;v1550 aP.S. I'm pregnant! a"Successful archaeologist Charlotte Greenstone has no time for men, so invents a convenient one--who bears a highly inconvenient resemblance to sexy stranger Greyson Tyler! To protect her mortifying white lie, Charlott begs Grey to act as her temporary fiancé... One glimps of Charlotte's killer curves, and Grey can't resist making his own outrageous proposition--he'll pretend to be her fiancé...if they can enjoy all the benefits of being a couple! Smoking-hot Grey is definitely fling material, but Charlotte knows that's all it can ever be...isn't it?"--P. [4] of cover. 0aWomen archaeologistsvFiction. 0aMan-woman relationshipsvFiction. 7aLove stories.2gsafd2 aCopyright Paperback Collection (Library of Congress)5DLC